000 01083cam a2200277Mu 4500
001 ebr10621399
003 CaPaEBR
006 m u
007 cr cn|||||||||
008 121204s2012 xx s 000 0 eng d
020 _z9781608054510
020 _z9781608055135
040 _aCaPaEBR
_cCaPaEBR
035 _a(OCoLC)823743210
050 1 4 _aHD62.6
_b.M36 2012eb
100 1 _aMano, Rita.
245 1 0 _aLearning why and how
_h[electronic resource] :
_ba reader in managing nonprofit and voluntary organizations /
_cauthored by Rita S. Mano.
260 _a[S.l.] :
_bBentham Science Publishers,
_c2012.
300 _aviii, 119 p.
533 _aElectronic reproduction.
_bPalo Alto, Calif. :
_cebrary,
_d2011.
_nAvailable via World Wide Web.
_nAccess may be limited to ebrary affiliated libraries.
650 0 _aNonprofit organizations.
650 0 _aVoluntarism.
655 7 _aElectronic books.
_2local
710 2 _aebrary, Inc.
856 4 0 _uhttp://site.ebrary.com/lib/rucke/Doc?id=10621399
_zAn electronic book accessible through the World Wide Web; click to view
999 _c56821
_d56821